Estatísticas para Países da América do Sul

Clique aqui para jogar o quiz

Estatísticas Gerais

  • Esse quiz foi jogado 24 208 vezes
  • A pontuação média é 11 de 12

Respostas no mapa

Respostas codificadas por cores de uma escala verde-vermelha no mapa do quiz de acordo com a % correta abaixo.
Carregando ...
 

Estatísticas das Respostas

País% Correto
Brasil
100%
Argentina
99%
Chile
99%
Paraguai
97%
Uruguai
97%
Bolívia
95%
Colômbia
95%
Peru
95%
Venezuela
95%
Equador
94%
Guiana
94%
Suriname
89%

Distribuição das Pontuações

Percentil de Números Respondidos

Porcentagem de Pessoas com Cada Pontuação

Sua Pontuação Histórica

Você não jogou esse quiz